Pokémon - Les attaques de Gueriaigle de Hisui - Statistiques

Statistiques générales
  • Ce quiz a été pris 9 fois
  • Le résultat moyen est 12 sur 17
Statistiques - réponses
Niveaux Types Noms des attaques % Correct
Départ Vol Picpic
100%
Niveau 80 Vol Vent Violent
100%
Niveau 30 Vol Aéropique
80%
Départ Vol Cru-Ailes
80%
Niveau 72 Normal Mania
80%
Départ Vol Piqué
80%
Niveau 18 Vol Vent Arrière
80%
Départ Ténèbres Aiguisage
60%
Évolution Psy Ailes Psycho
60%
Niveau 64 Vol Anti-Brume
60%
Niveau 42 Normal Cyclone
60%
Niveau 48 Normal Éclate Griffe
60%
Niveau 24 Normal Grimace
60%
Départ Normal Groz'Yeux
60%
Niveau 57 Vol Lame d'Air
60%
Départ Combat Surpuissance
60%
Niveau 36 Normal Tranche
60%
Aucun quiz correspondant
Distribution des résultats
% des personnes avec chaque résultat
Percentile par nombre de réponses
Votre historique - résultats
Vous n’avez pas pris ce quiz